000
00286nam a2200133Ia 4500
100
_a
#N/A
650
_a
Computers
942
_c
BK
654
_a
AUTOCAD-MECH.ENGG.
245
_a
MASTERING AUTOCAD 2000 FOR MECHANICAL ENGG.
260
_b
BPB Publ.
082
_b
OMU
546
_a
ENGLISH
999
_c
33758
_d
33758